El contexto regional y mundial de la estrategia alternativa de desarrollo del Istmo Centroamericano /
Збережено в:
| Автор: | |
|---|---|
| Формат: | Книга |
| Мова: | Spanish |
| Теги: |
Додати тег
Немає тегів, Будьте першим, хто поставить тег для цього запису!
|
MARC
| LEADER | 00000nam a22000007a 4500 | ||
|---|---|---|---|
| 003 | cru CIDCACS/IIS | ||
| 005 | 20171207062527.0 | ||
| 007 | ta | ||
| 008 | 171206t1992 cr |||||r|||||0|| ||spa|d | ||
| 999 | |c 40695 |d 40695 | ||
| 040 | |c cru CIDCACS/IIS | ||
| 100 | 1 | |9 6189 |a Arias Peñate, Salvador | |
| 245 | 1 | 3 | |a El contexto regional y mundial de la estrategia alternativa de desarrollo del Istmo Centroamericano / |c Salvador Arias Peñate |
| 300 | |a páginas 21-82: |b tabla, gráficos | ||
| 773 | 0 | |0 40694 |9 1668 |a Stein, Eduardo |d San José, Costa Rica: CADESCA; DEI, 1992 |o 18466 |t Democracia sin pobreza: |z 9977830568 | |
| 942 | |2 ddc |c LI | ||



